Statistics for Actions by Picture - #2

Click here to take the quiz!

General Stats

  • This quiz has been taken 44 times
  • The average score is 16 of 18

Answer Stats

Answer% Correct
Cut
100%
Paint
100%
Sing
100%
Sleep
100%
Smile
100%
Swim
100%
Think
100%
Buy
97%
Travel
97%
Type
97%
Sweep
94%
Fall
91%
Build
86%
Cheer
86%
Guard
86%
Herd
80%
Bike
66%
Study
54%

Score Distribution

Percentile by Number Answered

Percent of People with Each Score

Your Score History

You have not taken this quiz